Fukuzawa Yukichi và Nguyễn Trường Tộ - Tư tưởng cải cách giáo dục
Sách gồm 4 chương.Fukuzawa Yukichi và Nguyễn Trường Tộ cuộc đời và sự nghiệp. Tư tưởng cải cách giáo dục của Fukuzawa Yukichi và của Nguyễn Trường Tộ, so sánh tư tưởng cải cách giáo dục của 2 nhân vật này...
Bewaard in:
| Hoofdauteur: | |
|---|---|
| Formaat: | Boek |
| Taal: | Undetermined |
| Gepubliceerd in: |
Thành phố Hồ Chí Minh
Tổng hợp thành phố Hồ Chí Minh
2013
|
| Onderwerpen: | |
| Tags: |
Voeg label toe
Geen labels, Wees de eerste die dit record labelt!
|
| Thư viện lưu trữ: | Trung tâm Học liệu Trường Đại học Cần Thơ |
|---|
| LEADER | 01143nam a2200217Ia 4500 | ||
|---|---|---|---|
| 001 | CTU_186074 | ||
| 008 | 210402s9999 xx 000 0 und d | ||
| 020 | |c 35000 | ||
| 082 | |a 959.7029092 | ||
| 082 | |b L552 | ||
| 100 | |a Nguyễn, Tiến Lực | ||
| 245 | 0 | |a Fukuzawa Yukichi và Nguyễn Trường Tộ - Tư tưởng cải cách giáo dục | |
| 245 | 0 | |c Nguyễn Tiến Lực | |
| 260 | |a Thành phố Hồ Chí Minh | ||
| 260 | |b Tổng hợp thành phố Hồ Chí Minh | ||
| 260 | |c 2013 | ||
| 520 | |a Sách gồm 4 chương.Fukuzawa Yukichi và Nguyễn Trường Tộ cuộc đời và sự nghiệp. Tư tưởng cải cách giáo dục của Fukuzawa Yukichi và của Nguyễn Trường Tộ, so sánh tư tưởng cải cách giáo dục của 2 nhân vật này | ||
| 650 | |a Nguyễn, Trường Tộ,Fukuzawa, Yukichi,Vietnam history,Lịch sử Việt Nam | ||
| 650 | |y 1830 - 1871,1835 - 1901,19th century,thế kỷ 19 | ||
| 910 | |a Ngô Hồng Xuân | ||
| 980 | |a Trung tâm Học liệu Trường Đại học Cần Thơ | ||